Atlas vědy a techniky
| Main Author: | |
|---|---|
| Other Authors: | |
| Format: | Book |
| Language: | Czech Italian French |
| PhysicalDescription: | 1 zv. (rozličné stránkovanie) fareb. ilustr. 29 cm |
| Published: |
V Praze
Euromedia Group
2007
|
| ISBN: | 9788024218434 (viaz.) |
| Series: | Universum
|
| Subjects: |
MARC
| LEADER | 00000nam a2200000 a 4500 | ||
|---|---|---|---|
| 001 | vtls009177087 | ||
| 003 | SK-MaSNL | ||
| 005 | 20260301125248.0 | ||
| 008 | 080123s2007 xr a g f 001 0 cze | ||
| 020 | |a 9788024218434 (viaz.) | ||
| 040 | |a SNK |b slo |c SNK |e AACR2 | ||
| 041 | 1 | |a cze |h ita |h fre | |
| 044 | |a xr |c CZ | ||
| 072 | 7 | |a 00 |x Veda. Všeobecnosti. Základy vedy a kultúry. Vedecká práca |2 konspekt | |
| 080 | |a 001:62 |2 2001 | ||
| 080 | |a 001:62(091) |2 2001 | ||
| 080 | |a 001.894 |2 2001 | ||
| 080 | |a (048.8) |2 2001 | ||
| 080 | |a (0.062) |2 2001 | ||
| 130 | 3 | |a Le grand atlas des sciences et des découvertes |l Česky |9 474947 | |
| 245 | 1 | 0 | |a Atlas vědy a techniky |c L. Benacchio ... [et al. ] ; [z italské verze přeložila Vanda Vybíralová] |
| 260 | |a V Praze |b Euromedia Group |c 2007 | ||
| 300 | |a 1 zv. (rozličné stránkovanie) |b fareb. ilustr. |c 29 cm | ||
| 490 | 1 | |a Universum | |
| 500 | |a Pôvodný text franc. | ||
| 504 | |a Obsahuje bibliogr., bibliografické odkazy a reg. | ||
| 650 | 0 | 7 | |a veda a technika |2 SNKPH |9 3998 |
| 650 | 0 | 7 | |a veda a technika |x dejiny |2 SNKPH |9 474948 |
| 650 | 0 | 7 | |a objavy a vynálezy |2 SNKPH |9 2648 |
| 650 | 0 | 7 | |a Science and technology |2 SNKPHeng |9 318687 |
| 650 | 0 | 7 | |a Science and technology |x history |2 SNKPHeng |9 474949 |
| 650 | 0 | 7 | |a Discoveries and inventions |2 SNKPHeng |9 267209 |
| 655 | 7 | |a prehľady |2 SNKPH |9 70194 | |
| 655 | 7 | |a populárno-náučné publikácie |2 SNKPH |9 70460 | |
| 700 | 1 | |a Benacchio, Leopoldo |4 aut |9 474950 | |
| 700 | 1 | |a Vybíralová, Vanda |4 trl |9 474951 | |
| 830 | 0 | |a Universum |9 313631 | |
| 919 | |a 978-80-242-1843-4 | ||
| 999 | |c 741949 |d 743879 | ||
| 952 | |t snkBEN 001.89(031) |a SNKUST |b SNKUST |y PREZ |7 0 |p 17A0581822 |o snkIB 71494 |i snk2008/5193 |8 4 |g 37.28 |0 0 |1 0 |4 0 |d 2008-01-23 |l 0 |r 2025-03-19 00:00:00 |w 2026-02-23 | ||


